Abu Ghraib Investigation: the official Report of the Independent Panel and Pentagon on the shocking Prisoner Abuse in Iraq. (Record no. 248041)

000 -LEADER
fixed length control field 00308 a2200097 4500
001 - CONTROL NUMBER
control field 12968
090 ## - LOCALLY ASSIGNED LC-TYPE CALL NUMBER (OCLC); LOCAL CALL NUMBER (RLIN)
-- 9966
-- 9966
100 ## - MAIN ENTRY--PERSONAL NAME
Personal name Strasser,S
245 ## - TITLE STATEMENT
Title Abu Ghraib Investigation: the official Report of the Independent Panel and Pentagon on the shocking Prisoner Abuse in Iraq.
260 ## - PUBLICATION, DISTRIBUTION, ETC.
Place of publication, distribution, etc.
Name of publisher, distributor, etc. Public Affairs
Date of publication, distribution, etc.
942 ## - ADDED ENTRY ELEMENTS (KOHA)
Institution code [OBSOLETE] NUST-CAE
Koha item type
--
Holdings
Withdrawn status Lost status Damaged status Not for loan Collection code Permanent Location Current Location Date acquired Total Checkouts Barcode Date last seen Price effective from Koha item type
          College of Aeronautical Engineering (CAE) College of Aeronautical Engineering (CAE) 04/03/2017   CAEN-3293 04/05/2017 04/05/2017 Book
© 2023 Central Library, National University of Sciences and Technology. All Rights Reserved.